Kouluaine-testi - Statistics

Yleistilastot
  • Tätä visaa on pelattu 282 kertaa
    271 viimeisimmän päivityksen jälkeen
  • Keskiarvotulos 9 / 14
Vastaustilastot
Kysymys Vastaus % Oikein
ENGLANTI: Mikä on numero 100 englaniksi? One hundred
90%
BIOLOGIA: Mitä tapahtuma kasvin viherhiukkasissa tapahtuu Fotosynteesi
86%
KEMIA: Minkä alkuaineen kemiallinen merkki on C? Hiili
85%
USKONTO: Missä maassa juutalaisuus on pääuskonto? Israelissa
85%
TERVEYSTIETO: Mitä lyhenne KKK tarkoittaa? Kylmä, koho, kompressio
83%
YHTEISKUNTAOPPI: Mikä näistä puolueista edustaa Suomen ruotsinkielistä väestönosaa eli suomenruotsalaisia? (LYHENTEIDEN MUKAAN) RKP
77%
RUOTSI: Mitä tarkoitta verbi SÄGA suomeksi? Sanoa
73%
MAANTIETO: Mihin maanosaan Armenia kuuluu maantieteellisesti Aasiaan
65%
KUVATAIDE: Kuka on maalannut "Huuto" taideteoksen? Edward Munch
61%
HISTORIA: Minä vuosina I mailmansota oli? 1914-1918
56%
MUSIIKKI: Mikä soittimista on perinteinen suomalainen kansansoitin? Jouhikko
55%
ÄIDINKIELI: Mitä proosa tarkoittaa? kertomakirjallisuutta
49%
MATEMATIIKKA: Mikä on jänne? Jänne on jana, joka yhdistää kehän kaksi pistettä
41%
FYSIIKKA: Minkälaista peiliä meikkipeileissä yleensä käytetään? Koveraa peiliä
22%
Ehtoja vastaavia visoja ei löytynyt
Tulosjakauma
Jokaisen tuloksen saaneiden osuus
Persentiili vastausten määrän mukaan
Tuloshistoriasi
Et ole pelannut tätä visaa sen viimeisimmän päivityksen jälkeen